{"text_format":"3","workbook":"xlsx","n_sheets":3,"sheets":["Sheet1","Sheet2","Sheet3"],"read":"whole","date_system":"1900"}

{"sheet":"Sheet1","index":0,"n_rows":15,"n_cols":6,"rows_kept":15,"merged":[[0,0,0,5],[1,0,1,5]]}
["控制价清单表"]
["隆昌市城市建筑弃土堆放场临时用地土地复垦项目—材料采购控制价清单"]
["序号","项目名称","计量\n单位","工程数量\n（暂估）","含税控制单价\n(13%）","含税控制合价\n(13%）"]
[1,"绿肥","吨",370.35,{"v":565,"d":"565.00"},{"$f":"ROUND(D4*E4,2)","v":209247.75}]
[2,"农家肥","吨",123.75,{"v":203.4,"d":"203.40"},25170.75]
[3,"复合肥","吨",{"v":16.522,"d":"16.52"},{"v":1695,"d":"1695.00"},28004.79]
[4,"砖","千匹",{"v":177,"d":"177.00"},{"v":418.1,"d":"418.10"},{"v":74003.7,"d":"74003.70"}]
[5,"砂","m3",135.78,{"v":226,"d":"226.00"},30686.28]
[6,"水泥","吨",68.07,{"v":384.2,"d":"384.20"},26152.49]
[7,"碎石","m3",231.61,{"v":101.7,"d":"101.70"},23554.74]
[8,"C20商品混凝土","m3",301.44,449.81,135590.73]
[9,"C30商品混凝土","m3",{"v":12,"d":"12.00"},472.34,5668.08]
[10,"零星材料","项",{"v":1,"d":"1.00"},2212.14,2212.14]
[11,"香樟树","株",{"v":4334,"d":"4334.00"},{"v":13,"d":"13.00"},{"v":56342,"d":"56342.00"}]
[null,"合计",{"$nulls":3},{"$f":"SUM(F4:F14)","v":616633.45}]

{"sheet":"Sheet2","index":1,"n_rows":0,"n_cols":0,"rows_kept":0}

{"sheet":"Sheet3","index":2,"n_rows":0,"n_cols":0,"rows_kept":0}